London tube stations on the Bakerloo line - Statistics

General Stats
  • This quiz has been taken 68 times
  • The average score is 21 of 25
Answer Stats
Hint Answer % Correct
Visit the famous detective? BS Baker Street
96%
Largest land mammal in fortified home E&C Elephant & Castle
95%
Please take him marmalade sandwiches P Paddington
95%
Space for the reigning monarch's car? QP Queens Park
95%
Shoppers paradise OC Oxford Circus
93%
Go see Eros PC Piccadilly Circus
91%
Battle and Abba song W Waterloo
91%
Edge of the river E Embankment
88%
Lets go to the zoo! RP Regents Park
88%
Find an Eleanor's Cross here CC Charing Cross
86%
Home of football, in the middle WC Wembley Central
86%
English county, not off K Kenton
84%
Sounds like the bride had to make her own headress MV Maida Vale
84%
Virgin, French male "the", and we have 206 of them M Marylebone
84%
Home of football, not south NW North Wembley
84%
Slaughter and scald and leave your car KP Kilburn Park
82%
Public school & sounds like you left some money to a rock H&W Harrow & Wealdstone
81%
Thoroughfare for rim of china ER Edgware Road
79%
William in his lions home, where two paths meet WJ Willesden Junction
77%
The Archbishop of Canterbury's official home LN Lambeth North
74%
Roadway for Dionne? WA Warwick Avenue
74%
Not north, this place appeared in Fawlty Towers SK South Kenton
72%
Thackeray and Trollope are buried here KG Kensal Green
70%
Rock, card game, leave your car SP Stonebridge Park
67%
London's reggae capital H Harlesden
60%
No matching quizzes found
Score Distribution
Percent of People with Each Score
Percentile by Number Answered
Your Score History
You have not taken this quiz